Viết luận cho các kỳ thi tiếng Anh = Essay writing for English tests

Spremljeno u:
Bibliografski detalji
Glavni autor: Duigu, Gabi
Format: Knjiga
Jezik:Undetermined
Izdano: Thành phố Hồ Chí Minh Nhà xuất bản Thành phố Hồ Chí Minh 2003
Teme:
Oznake: Dodaj oznaku
Bez oznaka, Budi prvi tko označuje ovaj zapis!
Thư viện lưu trữ: Trung tâm Học liệu Trường Đại học Cần Thơ
LEADER 00710nam a2200217Ia 4500
001 CTU_60696
008 210402s9999 xx 000 0 und d
020 |b 12000 
082 |a 808.066 
082 |b D873 
100 |a Duigu, Gabi 
245 0 |a Viết luận cho các kỳ thi tiếng Anh = 
245 0 |b Essay writing for English tests 
245 0 |c Gabi Duigu; Nguyễn Thành Yến biên dịch 
260 |a Thành phố Hồ Chí Minh 
260 |b Nhà xuất bản Thành phố Hồ Chí Minh 
260 |c 2003 
650 |a English language,Technical writing 
650 |x Writing 
904 |i Minh, Năm 
980 |a Trung tâm Học liệu Trường Đại học Cần Thơ